Регионална библиотека "Любен Каравелов" - Русе

Златното съкровище от Панагюрище (Запис номер 375667)

MARC детайли
000 -Лидер
Контролно поле с фиксирана дължина nkm a22 a 4500
003 - Код на организацията, давaща контролен номер
Контролно поле BLK
005 - Дата и час на последна редакция
Контролно поле 20200717125556.0
008 - Елементи от данни с фиксирана дължина
fixed length control field 200717b bu ||||| |||| 00| 0 bu d
040 ## - Източник на каталожния запис
Идентификатор на билиотеката - собственик на записа BLK
041 ## - Код за език
Код за езика на текст/звукозапис или на отделно заглавие Български
Код за езика КДБФ Български
Други езици Руски
-- Френски
-- Немски
-- Английски
080 ## - УДК
Текстов определител УДК Художествена обработка на метали
УДК код - определител по УДК 739
УДК - код + определител 739(084)
139 ## - Редно поле
Редна дума Златното съкровище от Панагюрище
245 ## - Сведения за заглавието
Заглавие Златното съкровище от Панагюрище
Подзаглавни данни [Албум]
Редно поле (дума) Ред. Светлин Босилков ; [Предг. от Христо Джамбов].
257 ## - Страна на издаване
Страна на създаване/издаване България
260 ## - Област на издателските данни
9 (RLIN) 216512
Място на издаване, разпространение и проч. София
Име на издателя, разпространителя и проч. Бълг. художник
Година на издаване 1969
Издателство - префикс ISBN 954-406-
300 ## - Физическа характеристика
Страници 26 с. текст, 9 л. ил.
Размери/Мащаб 15х17 см
380 ## - Жанр
Жанр Изкуство
490 ## - СЕРИИ (Колекции)
9 (RLIN) 419055
Име на серия Популярна поредица албуми
490 ## - СЕРИИ (Колекции)
9 (RLIN) 419056
Име на серия Съкровища и паметници на изкуството
№: серия 1
501 ## - Забележка „подвързано към”
Забележка: Подвързано към... Парал. текст на рус., нем., фр., англ. ез. - Пълното име на ред. е Светлин Босилков Минчев. - 5111 тир.
650 #0 - Допълнително описание по предмет – тема
9 (RLIN) 257879
Основно описание – тема или топоним Съкровища - България
650 #0 - Допълнително описание по предмет – тема
9 (RLIN) 304872
Основно описание – тема или топоним Художествена обработка на метали
651 #7 - Допълнително описание по предмет - топоним
9 (RLIN) 179334
Географско понятие Панагюрище
653 #7 - Ключова дума – ненормативна
9 (RLIN) 193264
Ключова дума Панагюрско съкровище
700 ## - Други автори (авторска отговорност)
9 (RLIN) 1311
Лично име Босилков, Светлин
Автороска отговорност (Описва отношението между автора и произведението) ред.
700 ## - Други автори (авторска отговорност)
9 (RLIN) 401063
Лично име Джамбов, Христо
Автороска отговорност (Описва отношението между автора и произведението) предг.
852 ## - Местоположение
Фондова буква Хранилище
999 ## - СИСТЕМНИ КОНТРОЛНИ НОМЕРА
Koha biblionumber 375667
Koha biblioitemnumber 375667
942 ## - АРТИКУЛИ
Вид на библиотечния материал Книги
Скрит в OPAC Не
Периодичен библиозапис Да
944 ## - СЪЗДАВАНЕ И РЕДАКЦИЯ на ЗАПИСА
Създаване/Редакция Създаване
Дата на регистрацията/редакция 2020-07-17
Служител, извършил регистрацията/редакцията Кети
Наличности
Код за отписване Код за изгубен артикул Източник на класификационната схема Код за повреда Коз за рестрикции Код за отдаване Артикулен № Име на библиотеката - собственик Име на библиотеката, в която се намира в момента Статус (Текущо местоположение) Дата на вписване в системата Местоположение - отдел Цена в лева Инвентарен номер Систематично азбучна сигнатура Баркод Цена в евро Служебен тип на артикула
  Не е изгубен Universal Decimal Classification Не е повреден без рестрикции ползва се в читалня 785217 Регионална библиотека "Любен Каравелов" Русе Регионална библиотека "Любен Каравелов" Русе Хранилище 2020-07-22 Хранилище 1.40 70822 Цб І 39542 120000070822 0.72 Книги
Vip Innovations Ltd, Rousse, Bulgaria 2025